Some special properties of the adjunction theory for 3-folds in P5
Αποθηκεύτηκε σε:
| Κύριος συγγραφέας: | |
|---|---|
| Άλλοι συγγραφείς: | , |
| Μορφή: | Βιβλίο |
| Γλώσσα: | English |
| Δημοσίευση: |
Providence, R.I. :
American Mathematical Society,
1995
|
| Σειρά: | Memoirs of the American Mathematical Society ;
; 554 |
| Θέματα: | |
| Ετικέτες: |
Προσθήκη ετικέτας
Δεν υπάρχουν, Καταχωρήστε ετικέτα πρώτοι!
|
MARC
| LEADER | 00000nam a2200000 i 4500 | ||
|---|---|---|---|
| 001 | 1/91567 | ||
| 008 | 991026s1995 eng d | ||
| 020 | |a 0-8218-0234-8 | ||
| 035 | |l 10053656 | ||
| 040 | |a GR-MY-UA |b gre |e aacr | ||
| 041 | 0 | |a eng | |
| 082 | 0 | |a 516.35 | |
| 100 | 1 | |a Beltrametti, Mauro |d 1948- | |
| 245 | 1 | 0 | |a Some special properties of the adjunction theory for 3-folds in P5 / |c Mauro C. Beltrametti, Michael Schneider, Andrew J. Sommese |
| 260 | |a Providence, R.I. : |b American Mathematical Society, |c 1995 | ||
| 300 | |a viii, 63 p.; |b ill.; |c 26 cm. | ||
| 490 | 1 | |a Memoirs of the American Mathematical Society |v ; 554 | |
| 500 | |a On t.p. "P" is the symbol for n-dimensional space. | ||
| 500 | |a "July 1995, volume 116, number 554 (first of 4 numbers)" | ||
| 500 | |a Includes bibliographical references | ||
| 650 | 0 | 0 | |a Adjunction theory. |
| 650 | 0 | 0 | |a Threefolds (Algebraic geometry) |
| 700 | 1 | |a Schneider, Michael |d 1942 May 18- | |
| 700 | 1 | |a Sommese, Andrew John. | |
| 830 | 0 | |a Memoirs of the American Mathematical Society ; |v ; 554 | |
| 852 | |a INST |b SAMOS |e 19991026 |h 516.35 BEL |p 005300012406 |q 005300012406 |t BK |y 0 | ||
| 901 | |a BIBL3-1999-3 | ||
| 909 | |a Σ |b 063400 | ||
| 922 | |a 3ΕΛΗ |b 199907 |c ΕΠΕΑΕΚ/ΜΑΘ |d ΠΑΠΑΣΩΤΗΡΙΟΥ | ||
| 970 | |a ΠΟΥΡΝΑΡΑΣ |b ΔΗΜΗΤΡΗΣ |z 1999/10/26 | ||